000 00830cam a2200217 4500
001 WB3812-15
008 020328n2002 000 0 eng u
035 _a(Sirsi) u117268
245 _aPFI housing subsidies
260 _c2002
490 _aBuilding
_v267 (8226) 22 March 2002, (1)
520 _aHousing programme under increased pressure after councils backing the eight pathfinder projects to upgrade local authority housing have discovered that they will receive up to 30% less subsidy than authorities using an alternative scheme. DLTR is raising this issue with the treasury.
590 _aWB
650 _aPFI
650 _aPRIVATE FINANCE INITIATIVE
650 _aPATHFINDER PROJECT
650 _aARMS LENGTH MANAGEMENT ORGANISATION
650 _aHOUSING PROJECTS
690 _aHOUSING-FINANCE
942 _n0
999 _c69859
_d69859